00749nam a2200193 i 450000100060000000300090000600500170001500700030003200800410003510000350007624501300011126000650024130000250030670000240033170000410035585200210039699900170041795201210043475154ES-MaACL20230906172343.0t|040922s1907 fr ||||1| fre d1 aGoodnow, Frank Johnson.95911114aLes principes du droit administratif des Etats-Unis / cpar Frank J. Goodnow ; traduction français par A. et Gaston Jèze. a[S.l ; aLaval : bs.n., c1907] (eLaval : fL. Barnéoud) aX, 613 p. ; c22 cm.1 aJéze, Alb.9663871 aJèze, Gaston (d1869-1953)9154478 aES-MaACLjF-3117 c75154d75154 00104070aATENEOMbATENEOMcDEPO2d2008-01-17eSCl0oF-3117p1078661r2023-02-23 00:00:00w2023-02-23yMONOGRAFIA